|
|
|
|
| LEADER |
01526nam a2200325 a 4500 |
| 001 |
00023954 |
| 008 |
111211s1996 nyuab b 001 0 eng d |
| 020 |
|
|
|a 0393038513
|
| 020 |
|
|
|a 03933139355
|
| 040 |
|
|
|a CUM
|c CUM
|d OCLCQ
|d DLC
|d BD-DhAAL
|
| 082 |
0 |
0 |
|a 338.9009049
|2 22
|
| 245 |
0 |
0 |
|a State of the world, 1996 :
|b a Worldwatch Institute report on progress toward a sustainable society /
|c Gary Gardner, project director ; Chris Bright ... [et al.] ; Linda Starke, editor.
|
| 260 |
|
|
|a New York :
|b W.W. Norton & Co.,
|c c1996.
|
| 300 |
|
|
|a xvii, 249 p. :
|b ill., maps ;
|c 24 cm.
|
| 504 |
|
|
|a Includes bibliographical references (p. [189]-240) and index.
|
| 541 |
1 |
|
|e 00023954
|
| 650 |
|
0 |
|a Economic history
|y 1971
|
| 650 |
|
0 |
|a Sustainable development.
|
| 650 |
|
0 |
|a Conservation of natural resources.
|
| 650 |
|
0 |
|a Economic development
|x Environmental aspects.
|
| 650 |
|
0 |
|a Nature
|x Effect of human beings on.
|
| 650 |
|
0 |
|a Environmental protection.
|
| 700 |
1 |
|
|a Gardner, Gary T.,
|d 1958-
|
| 700 |
1 |
|
|a Bright, Chris.
|
| 700 |
1 |
|
|a Starke, Linda.
|
| 710 |
2 |
|
|a Worldwatch Institute.
|
| 852 |
1 |
|
|a James P. Grant School of Public Health (JPGSPH)
|
| 999 |
|
|
|c 11588
|d 11588
|
| 952 |
|
|
|0 0
|1 0
|2 ddc
|4 0
|6 338_900904900000000_STA
|7 0
|9 18854
|a JPGSPH
|b JPGSPH
|d 2011-12-11
|e School of Public Helath
|l 0
|o 338.9009049 STA
|p 3060023954
|r 2011-12-13
|t 1
|w 2011-12-13
|y BK
|
| 952 |
|
|
|0 0
|1 0
|2 ddc
|4 0
|6 338_900904900000000_STA
|7 0
|9 53459
|a SCL
|b SCL
|c GEN
|d 2015-04-16
|e Gift: The Asia Foundation
|l 0
|o 338.9009049 STA
|p 3020000259
|r 2015-04-16
|t 2
|w 2015-04-16
|y BK
|